Introductory functional analysis with applications (Record no. 7579)
[ view plain ]
| 000 -LEADER | |
|---|---|
| fixed length control field | 00470 a2200157 4500 |
| 020 ## - INTERNATIONAL STANDARD BOOK NUMBER | |
| International Standard Book Number | 0-471-50731-8 |
| 040 ## - CATALOGING SOURCE | |
| Original cataloging agency | DLC |
| Language of cataloging | DLC |
| 082 ## - DEWEY DECIMAL CLASSIFICATION NUMBER | |
| Classification number | 515.7 |
| 100 1# - MAIN ENTRY--PERSONAL NAME | |
| Personal name | Kreyszig, Erwin |
| 245 10 - TITLE STATEMENT | |
| Title | Introductory functional analysis with applications |
| Statement of responsibility, etc. | Erwin Kreyszig |
| 260 ## - PUBLICATION, DISTRIBUTION, ETC. | |
| Place of publication, distribution, etc. | New Delhi: |
| Name of publisher, distributor, etc. | Wiley India, |
| Date of publication, distribution, etc. | cop. 1978 |
| 300 ## - PHYSICAL DESCRIPTION | |
| Extent | xiv, 688 s. : |
| Other physical details | ill. |
| 500 ## - GENERAL NOTE | |
| General note | L�*: Wiley classics library ed., publ. 1989 |
| 650 #0 - SUBJECT ADDED ENTRY--TOPICAL TERM | |
| Topical term or geographic name entry element | Functional analysis |
| 942 ## - ADDED ENTRY ELEMENTS (KOHA) | |
| Koha item type | Book |
| Call number prefix | 515.7 KRE |
| Source of classification or shelving scheme | |
| Withdrawn status | Lost status | Damaged status | Not for loan | Collection code | Permanent Location | Current Location | Shelving location | Date acquired | Source of acquisition | Total Checkouts | Total Renewals | Full call number | Barcode | Date last seen | Date last checked out | Price effective from | Koha item type | Checked out | Source of classification or shelving scheme |
|---|---|---|---|---|---|---|---|---|---|---|---|---|---|---|---|---|---|---|---|
| Central Library (CL) | Central Library (CL) | General Stacks | 01/03/2008 | Donation | 7 | 11 | 515.7 KRE | SEECS006808 | 02/06/2026 | 12/08/2025 | 01/05/2017 | Book | |||||||
| Central Library (CL) | Central Library (CL) | General Stacks | 01/03/2008 | Donation | 8 | 7 | 515.7 KRE | SEECS006806 | 01/19/2026 | 01/19/2026 | 01/05/2017 | Book | 02/18/2026 | ||||||
| Central Library (CL) | Central Library (CL) | General Stacks | 01/03/2008 | Donation | 5 | 4 | 515.7 KRE | SEECS006805 | 04/19/2023 | 04/17/2022 | 01/05/2017 | Book | |||||||
| Central Library (CL) | Central Library (CL) | General Stacks | 01/03/2008 | Donation | 7 | 1 | 515.7 KRE | SEECS006810 | 01/02/2026 | 11/26/2025 | 01/05/2017 | Book | |||||||
| Central Library (CL) | Central Library (CL) | General Stacks | 01/03/2008 | Donation | 5 | 2 | 515.7 KRE | SEECS006807 | 01/05/2026 | 11/23/2025 | 01/05/2017 | Book |
